|
|
|
|
| LEADER |
00000nam0a2200000 4500 |
| 001 |
187436 |
| 005 |
20231101224051.0 |
| 035 |
|
|
|a (RuTPU)RU\TPU\book\203391
|
| 090 |
|
|
|a 187436
|
| 100 |
|
|
|a 20101116d1974 km y0rusy50 ca
|
| 101 |
1 |
|
|a rus
|c eng
|
| 102 |
|
|
|a RU
|
| 105 |
|
|
|a a z 001zy
|
| 200 |
1 |
|
|a Спектры и строение простых свободных радикалов
|e пер. с англ.
|f Г. Герцберг
|
| 210 |
|
|
|a Москва
|c Мир
|d 1974
|
| 215 |
|
|
|a 208 с.
|c ил.
|
| 320 |
|
|
|a Библиогр.: с. 197-200.
|
| 320 |
|
|
|a Предметный указатель: с. 201-206.
|
| 606 |
1 |
|
|a Радикалы свободные
|x Химия
|2 stltpush
|3 (RuTPU)RU\TPU\subj\70569
|9 84788
|
| 610 |
1 |
|
|a спектры
|
| 610 |
1 |
|
|a строение
|
| 610 |
1 |
|
|a волновые функции
|
| 610 |
1 |
|
|a колебания
|
| 610 |
1 |
|
|a электронные состояния
|
| 610 |
1 |
|
|a диссоциация
|
| 610 |
1 |
|
|a предиссоциация
|
| 610 |
1 |
|
|a рекомбинация
|
| 610 |
1 |
|
|a библиотека А. Г. Стромберга
|
| 675 |
|
|
|a 54.024
|v 3
|
| 700 |
|
1 |
|a Герцберг
|b Г.
|g Герхард
|
| 801 |
|
1 |
|a RU
|b 63413507
|c 20101116
|
| 801 |
|
2 |
|a RU
|b 63413507
|c 20171004
|g RCR
|
| 942 |
|
|
|c BK
|